Report. (Record no. 63021)

MARC details
000 -LEADER
fixed length control field 00842cam a22002531 4500
001 - CONTROL NUMBER
control field sa 65003178
003 - CONTROL NUMBER IDENTIFIER
control field DLC
005 - DATE AND TIME OF LATEST TRANSACTION
control field 20260227112121.0
008 - FIXED-LENGTH DATA ELEMENTS--GENERAL INFORMATION
fixed length control field 861215s1964 ii 000 0 eng
010 ## - LIBRARY OF CONGRESS CONTROL NUMBER
LC control number sa 65003178
025 ## - OVERSEAS ACQUISITION NUMBER
Overseas acquisition number PL480:I-E-3874
035 ## - SYSTEM CONTROL NUMBER
System control number (OCoLC)14970977
040 ## - CATALOGING SOURCE
Original cataloging agency DLC
Transcribing agency WaU
Modifying agency DLC
042 ## - AUTHENTICATION CODE
Authentication code premarc
050 00 - LIBRARY OF CONGRESS CALL NUMBER
Classification number HD7051
Item number .G8
110 1# - MAIN ENTRY--CORPORATE NAME
Corporate name or jurisdiction name as entry element Gujarat (India).
Subordinate unit Expert Committee on Readjustment in Existing Series of Consumer Price Index Number for Working Class for Ahmedabad and Linking It With the New Series.
245 00 - TITLE STATEMENT
Title Report.
260 ## - PUBLICATION, DISTRIBUTION, ETC.
Place of publication, distribution, etc. Ahmedabad,
Date of publication, distribution, etc. 1964.
300 ## - PHYSICAL DESCRIPTION
Extent 32 p.
Dimensions 29 cm.
500 ## - GENERAL NOTE
General note Cover title.
500 ## - GENERAL NOTE
General note At head of title: Govt. of Gujarat, Education and Labour Dept.
650 #0 - SUBJECT ADDED ENTRY--TOPICAL TERM
Topical term or geographic name entry element Cost and standard of living
Geographic subdivision India
-- Ahmadābād.
650 #0 - SUBJECT ADDED ENTRY--TOPICAL TERM
Topical term or geographic name entry element Prices
Geographic subdivision India
-- Ahmadābād.

No items available.

Powered by Koha